Ronaldo czy Messi - Statystyki

Ogólne statystyki
  • Ten quiz został rozwiązany 390 razy
  • Średni wynik to 9 z 10
Statystyki odpowiedzi
Zagadnienie Odpowiedź % Poprawnych
Kto z nich zdobył złota piłkę Oby dwaj
98%
Kto gra w al nassr Ronaldo
97%
Który z piłkarzy urodził się w Europie Ronaldo
96%
Kto grał kiedyś w Barcelonie.(Najgorszy klub) Messi
94%
Kto z nich jest pilkarzem Oby dwaj
93%
Kto z nich grał kiedyś w AC Milan Żaden z nich
92%
Który z nich grał z polską na mistrzostwach świata w 2022 Messi
89%
Który z piłkarzy urodził się w 1985 roku Ronaldo
89%
Kto grał kiedyś z Kylianem Mbappe Messi
85%
Którego piłkarza euro 2024 było ostatnie Ronaldo
78%
Nie znaleziono quizów pasujących do podanych kryteriów
Rozkład punktacji
Procent ludzi z każdym wynikiem
Percentyl według liczby udzielonych odpowiedzi
Twoja historia wyników
Nie rozwiązałeś tego quizu